Hitman Countries (World of Assassination) - Statistics

General Stats
  • This quiz has been taken 108 times
  • The average score is 13 of 16
Answer Stats
Country % Correct
United States
97%
France
92%
Italy
92%
Japan
91%
Germany
87%
United Kingdom
87%
China
85%
Colombia
84%
India
83%
Argentina
79%
Morocco
76%
Romania
75%
Thailand
75%
United Arab Emirates
73%
New Zealand
71%
Maldives
51%
No matching quizzes found
Score Distribution
Percent of People with Each Score
Percentile by Number Answered
Your Score History
You have not taken this quiz